LEADER 00960nam0-2200325---450- 001 990009212640403321 005 20100730121622.0 010 $a0-521-68790-x 035 $a000921264 035 $aFED01000921264 035 $a(Aleph)000921264FED01 035 $a000921264 100 $a20100728d2006----km-y0itay50------ba 101 0 $aeng 102 $aGB 105 $a--------001yy 200 1 $aNovel relations$ethe trasformation of Kinship in English Literature and Culture, 1748-1818$fRuth Perry 210 $aCambridge$cCambridge University Press$d2006 215 $aIX, 466 p.$d23 cm 610 0 $aRomanzo inglese$a1748-1818 610 0 $aMatrimonio in letteratura 676 $a823.6 700 1$aPerry,$bRuth$f<1943- >$0322492 801 0$aIT$bUNINA$gRICA$2UNIMARC 901 $aBK 912 $a990009212640403321 952 $a823.6 PER 1$bDip.fil.mod. 14605$fFLFBC 959 $aFLFBC 996 $aNovel relations$9777061 997 $aUNINA